Statistiques concernant Pokémon- Spécialistes du Type Feu

Cliquez ici pour prendre le quiz!

Statistiques générales

  • Ce quiz a été pris 30 fois
    (6 depuis la dernière actualisation)
  • Le résultat moyen est 39 sur 61

Statistiques - réponses

NuméroPokémon% Correct
9Arcanin
100%
11Camérupt
100%
13Caninos
100%
39Chamallot
100%
9Chartor
100%
4Démolosse
100%
1Dracaufeu
100%
9Feunard
100%
1Flamajou
100%
1Flamoutan
100%
6Galopa
100%
7Goupix
100%
25Limagma
100%
3Malosse
100%
4Ponyta
100%
4Reptincel
100%
2Salamèche
100%
5Volcaropod
100%
2Aflamanoir
67%
1Braisillon
67%
3Braségali
67%
1Carmadura
67%
1Charbambin
67%
1Charbi
67%
1Darumacho
67%
1Entei
67%
3Flambusard
67%
1Grillepattes
67%
1Hélionceau
67%
4Lugulabre
67%
6Maganon
67%
1Magby
67%
14Magmar
67%
1Monthracite
67%
4Motisma chaleur
67%
4Némélios
67%
4Pyroli
67%
1Roitiflam
67%
1Scolocendre
67%
1Simiabraz
67%
2Tritox
67%
1Bekipan
33%
1Fragilady
33%
1Goélise
33%
1Grodrive
33%
1Grotadmorv
33%
1Kangourex
33%
1Kecleon
33%
1Lockpin
33%
2Malamandre
33%
1Méditikka
33%
1Noadkoko
33%
1Ossatueur d'Alola
33%
33Smogo
33%
11Smogogo
33%
1Steelix
33%
1Tengalice
33%
1Vrombotor
33%
1Joliflor
0%
1Ohmassacre
0%
1Rafflésia
0%

Distribution des résultats

Percentile par nombre de réponses

% des personnes avec chaque résultat

Votre développement - résultats

Vous n’avez pas pris ce quiz depuis la dernière actualisation